000
00273nam a2200133Ia 4500
100
_a
LAL/ JAIN
650
_a
PRODUCTION
942
_c
BK
366
_f
20
245
_a
Foundry Technology
260
_b
CBS
_a
New Delhi
_c
2007
082
_a
671.2/LAL/JAI
546
_a
ENGLISH
999
_c
29563
_d
29563